Villes de France nommées d'après un peuple celte - Statistiques

Statistiques générales
  • Ce quiz a été pris 249 fois
    120 depuis la dernière actualisation
  • Le résultat moyen est 18 sur 34
Statistiques - réponses
Hint Réponse % Correct
AMBIANI / Ambiens Amiens
97%
PARISII / Parisii Paris
90%
TOLOSATES / Tolosates Toulouse
86%
REMI / Rèmes Reims
84%
RIEDONES / Riédons Rennes
82%
VENETI / Vénètes Vannes
79%
NAMNETII / Namnètes Nantes
71%
TVRONES / Turons Tours
70%
ANDECAVII / Andécaves Angers
68%
BITVRIGES CVBI / Bituriges Cubes Bourges
64%
AVSCII / Ausques Auch
62%
BAIOCASSI / Bajocasses Bayeux
60%
MEDIOMATRICI / Médiomatriques Metz
58%
ATREBATES / Atrébates Arras
57%
SANTONES / Santons Saintes
54%
SVESSIONES / Suessions Soissons
54%
LEMOVICES / Lémovices Limoges
51%
PICTONES / Pictons Poitiers
48%
MELDII / Meldes Meaux
46%
SENONES / Sénons Sens
45%
PETROCORII / Pétrocores Périgueux
43%
CADVRCI / Cadurques Cahors
39%
RVTENI / Rutènes Rodez
38%
CARNVTES / Carnutes Chartres
37%
BELLOVACI / Bellovaques Beauvais
36%
AVLERCI EBVROVICI / Aulerques Éburovices Évreux
36%
LEXOVII / Lexoviens Lisieux
32%
TRICASSES / Tricasses Troyes
32%
CAVARES / Cavares Cavaillon
30%
CATALAVNI / Catalaunes Châlons-en-Champagne
29%
LINGONES / Lingons Langres
27%
AVLERCI CENOMANI / Aulerques Cénomans Le Mans
27%
BRIGIANI / Brigiens Briançon
24%
SILVANECTI / Silvanectes Senlis
12%
Aucun quiz correspondant
Distribution des résultats
% des personnes avec chaque résultat
Percentile par nombre de réponses
Votre historique - résultats
Vous n’avez pas pris ce quiz depuis la dernière actualisation